000 00196 a2200097 4500
001 25988
100 _aGiacadia
245 _aSatellite dynamics
260 _a
_bSpringer
_c
090 _c17584
_d17584
942 _aNUST-CAE
_cM
_c8429
999 _c261061
_d261061